000 00504nam a2200193Ia 4500
005 20250508150238.0
008 008 250505s9999 xx 000 0 eng d
037 _aTextual
040 _aFEDL
_beng
_cFEDL
041 _aeng
_2eng
084 _a332.4, ROB
_qFEDL
100 _aRobertson D. H.
245 0 _aMoney
260 _aLondon, UK
_bNisbet and Company Limited
_c1922
300 _axviii,223p.
650 _aEconomics
942 _cTEXL
_h332.4, ROB
999 _c1322612
_d1322612